000 00345 a2200145 4500
020 _a9695030122
082 _a923.5
090 _c7178
_d7178
100 _aSiddiq, Salik
245 _aHamma Yarran Dozakh
_cSiddiq Salik
260 _aLahore
_bAl-Faisal Nashran
_c2009
300 _a304 p.
_c22 cm.
650 _a1. Sawaneh
942 _cBK
_k923.5 SID
999 _c10981
_d10981